000 00944nam a2200313 a 4500
001 vtls000811297
003 NLI
005 20210627054034.0
008 110331s1972 enk 001 0 eng
039 9 _y201103311654
_zVargis_01
040 _aNLI
_beng
_cVergis_S
_eAACR2
041 0 _aeng
044 _aenk
082 0 4 _a621.3845
100 1 _aDowsett, Harry Melville.
_9779565
245 1 0 _aWireless telephony and broadcasting /
_cby Harry Melville Dowsett.
260 _aLondon :
_bGresham Pub,
_c1924
300 _a-v ;
_c25 cm.
500 _aLibrary has v.2
500 _aGlossary : p. 217-225
504 _aIncludes bibliographical references and index
650 0 _aTelegraph, Wireless
_9700397
650 0 _aRadio
_9691051
887 _a
901 _aG23562 ;
_b10.01.1973
_9v.2
902 _aE/O 621.3845 W 761
949 _AVIRTUAITEM
_D10000
_X100
_6GXX000023562ENG
_9v.2
942 _2ddc
_cBKS
999 _aVIRTUA
_c657828
_d657828